Student guide to CFD Volume 1 (Record no. 61351)
[ view plain ]
| 000 -LEADER | |
|---|---|
| fixed length control field | 00725nam a22001817a 4500 |
| 003 - CONTROL NUMBER IDENTIFIER | |
| control field | NUST-PNEC |
| 005 - DATE AND TIME OF LATEST TRANSACTION | |
| control field | 20170116180720.0 |
| 008 - FIXED-LENGTH DATA ELEMENTS--GENERAL INFORMATION | |
| fixed length control field | 141025b xxu||||| |||| 00| 0 eng d |
| 020 ## - INTERNATIONAL STANDARD BOOK NUMBER | |
| International Standard Book Number | 1931222002 |
| 040 ## - CATALOGING SOURCE | |
| Transcribing agency | PNEC |
| 082 ## - DEWEY DECIMAL CLASSIFICATION NUMBER | |
| Classification number | 620.106 HOF |
| 100 ## - MAIN ENTRY--PERSONAL NAME | |
| 9 (RLIN) | 819 |
| Personal name | Hoffmann Klaus A |
| 245 ## - TITLE STATEMENT | |
| Title | Student guide to CFD Volume 1 |
| Statement of responsibility, etc. | Klaus A Hoffmann |
| 260 ## - PUBLICATION, DISTRIBUTION, ETC. | |
| Place of publication, distribution, etc. | Wichita, Kan. : |
| Name of publisher, distributor, etc. | Engineering Education System, |
| Date of publication, distribution, etc. | c.2000. |
| 300 ## - PHYSICAL DESCRIPTION | |
| Extent | 3 v. 227 p. : |
| Other physical details | ill. ; |
| Dimensions | 28 cm. |
| 500 ## - GENERAL NOTE | |
| General note | https://www.worldcat.org/title/student-guide-to-cfd/oclc/48482640&referer=brief_results http://www.amazon.com/Student-Guide-Computational-Fluid-Dynamics/dp/1931222002/ref=sr_1_1?ie=UTF8&qid=1414217958&sr=8-1&keywords=1931222002 |
| 942 ## - ADDED ENTRY ELEMENTS (KOHA) | |
| Source of classification or shelving scheme | |
| Koha item type | Book |
| Withdrawn status | Lost status | Source of classification or shelving scheme | Damaged status | Not for loan | Permanent Location | Current Location | Shelving location | Date acquired | Source of acquisition | Cost, normal purchase price | Total Checkouts | Full call number | Barcode | Date last seen | Cost, replacement price | Price effective from | Koha item type |
|---|---|---|---|---|---|---|---|---|---|---|---|---|---|---|---|---|---|
| Pakistan Navy Engineering College (PNEC) | Pakistan Navy Engineering College (PNEC) | Reference | 03/26/2013 | Progressive International Agency | 5984.00 | 620.106 HOF | PNECLIB-031173 | 10/25/2014 | 5984.00 | 03/26/2013 | Book |
